Niranjan Mohanty: (Record no. 194940)

MARC details
000 -LEADER
fixed length control field 00545nam a22001817a 4500
005 - DATE AND TIME OF LATEST TRANSACTION
control field 20230201114734.0
010 ## - LCCN (DPL NO)
LC control number ENG-136094
020 ## - INTERNATIONAL STANDARD BOOK NUMBER
International Standard Book Number 9788179774120
Terms of availability 80.00
035 ## - SYSTEM CONTROL NUMBER
System control number EN-119626
037 ## - SOURCE OF ACQUISITION
Source of stock number/acquisition DBAD/PUB
082 ## - DEWEY DECIMAL CLASSIFICATION NUMBER
Classification number 821.08
100 ## - MAIN ENTRY--PERSONAL NAME
Personal name Arora, Sudhir K.
245 ## - TITLE STATEMENT
Title Niranjan Mohanty:
Remainder of title The Man And His Poetry/
Statement of responsibility, etc Sudhir K. Arora
260 ## - PUBLICATION, DISTRIBUTION, ETC. (IMPRINT)
Place of publication, distribution, etc Bareilly
Name of publisher, distributor, etc Prakash Book Depot
Date of publication, distribution, etc 2011
270 ## - ADDRESS
Address Karmchari Nagar Road, Surkha Chhawni
City Bareily
Postal code 243122
300 ## - PHYSICAL DESCRIPTION
Extent 136p.
Dimensions 18cm(pbk)
942 ## - ADDED ENTRY ELEMENTS (KOHA)
Source of classification or shelving scheme Dewey Decimal Classification
Item type English Books
Call number suffix ARO
Classification part 821.08
Holdings
Withdrawn status Lost status Not for loan Collection code Home library Current library Date acquired Source of acquisition Cost, normal purchase price Full call number Barcode Copy number Cost, replacement price Koha item type
      Non-fiction R.K.Puram-8 R.K.Puram-8 01/02/2023 DBAD/PUB 80.00 821.08 ARO EN-119626 1 80.00 English Books

© Delhi Public Library
Hit Counter
free hit counter